000 00341 a2200157 4500
001 194189
020 _a978-85-250-5424-1
040 _cMagnum
100 _aLobato, Monteiro
240 1 0 _aO pedido de casamento
_lpor
245 1 0 _aO pedido de casamento
300 _a31
362 0 _a2013
697 _aLITERATURA INFANTO
942 _cBK
999 _c194189
_d194189